[Event "Nicosia-ch op"]
[Site "Nikosia"]
[Date "2015.03.19"]
[Round "6"]
[White "Martidis, Alkis"]
[Black "Boulos, Vrachimis"]
[Result "1-0"]
[WhiteElo "2178"]
[BlackElo "2010"]
[PlyCount "41"]
[EventDate "2015.03.09"]
[EventType "swiss"]
[EventRounds "7"]
[EventCountry "CYP"]
[SourceTitle "EXT 2019"]
[Source "ChessBase"]
[SourceDate "2018.10.10"]
[SourceVersion "1"]
[SourceVersionDate "2018.10.10"]
[SourceQuality "1"]

1. e4 e6 2. d4 d5 3. Nc3 Bb4 4. e5 c5 5. a3 cxd4 6. axb4 dxc3 7. Qg4 Kf8 8. bxc3 Qc7 9. Qg3 Ne7 10. f4 Nf5 11. Qd3 h5 12. Nf3 Bd7 13. Nd4 a6 14. Nxf5 exf5 15. Bd2 Be6 16. Be2 f6 17. exf6 gxf6 18. 0-0 Nd7 19. Rae1 Kf7 20. Bf3 Nb6 21. Qe2 1-0

[Event "CYP-ch"]
[Site "Lefkosia"]
[Date "2010.02.06"]
[Round "7"]
[White "Sarmadi, Ashkan"]
[Black "Martidis, Alkis"]
[Result "1/2-1/2"]
[WhiteElo "1987"]
[BlackElo "2221"]
[PlyCount "50"]
[EventDate "2010.01.09"]
[EventType "swiss"]
[EventRounds "9"]
[EventCountry "CYP"]
[SourceTitle "EXT 2011"]
[Source "ChessBase"]
[SourceDate "2010.11.26"]
[SourceVersion "1"]
[SourceVersionDate "2010.11.26"]
[SourceQuality "1"]

1. e4 c5 2. Nc3 Nc6 3. g3 Nf6 4. Bg2 e6 5. Nge2 d5 6. exd5 exd5 7. Nf4 Bg4 8. f3 Bc8 9. d3 Be7 10. 0-0 0-0 11. Re1 Re8 12. Qd2 a6 13. Qf2 Qd6 14. g4 h6 15. Nfe2 d4 16. Ne4 Nxe4 17. fxe4 Nb4 18. Nf4 Qd8 19. Rd1 g5 20. c3 Nc6 21. Nd5 Be6 22. Nxe7+ Qxe7 23. h3 Rad8 24. cxd4 cxd4 25. b3 Qb4 1/2-1/2

[Event "CYP-ch"]
[Site "Lefkosia"]
[Date "2010.01.30"]
[Round "5"]
[White "Aristotelous, Vassilis"]
[Black "Martidis, Alkis"]
[Result "1/2-1/2"]
[WhiteElo "1938"]
[BlackElo "2221"]
[PlyCount "43"]
[EventDate "2010.01.09"]
[EventType "swiss"]
[EventRounds "9"]
[EventCountry "CYP"]
[SourceTitle "EXT 2011"]
[Source "ChessBase"]
[SourceDate "2010.11.26"]
[SourceVersion "1"]
[SourceVersionDate "2010.11.26"]
[SourceQuality "1"]

1. e4 c5 2. Nc3 Nc6 3. f4 e6 4. Nf3 a6 5. d3 d5 6. g3 Nf6 7. e5 Nd7 8. Bg2 Be7 9. 0-0 0-0 10. Re1 Re8 11. f5 d4 12. fxe6 fxe6 13. Ne2 Ndxe5 14. Nexd4 Nxf3+ 15. Nxf3 e5 16. Be3 Bg4 17. Qd2 Rc8 18. Rf1 b6 19. Rae1 Bf6 20. Ng5 Bxg5 21. Bxg5 Qd7 22. Kh1 1/2-1/2

[Event "CYP-ch"]
[Site "Lefkosia"]
[Date "2010.01.24"]
[Round "4"]
[White "Martidis, Alkis"]
[Black "Antoniou, Antonis"]
[Result "1/2-1/2"]
[WhiteElo "2221"]
[BlackElo "2155"]
[PlyCount "27"]
[EventDate "2010.01.09"]
[EventType "swiss"]
[EventRounds "9"]
[EventCountry "CYP"]
[SourceTitle "EXT 2011"]
[Source "ChessBase"]
[SourceDate "2010.11.26"]
[SourceVersion "1"]
[SourceVersionDate "2010.11.26"]
[SourceQuality "1"]

1. c4 Nf6 2. Nf3 e6 3. g3 b6 4. Bg2 Bb7 5. 0-0 c5 6. b3 Be7 7. Bb2 0-0 8. Nc3 d5 9. cxd5 Nxd5 10. Nxd5 Bxd5 11. Qc2 Bf6 12. Rad1 Bxb2 13. Qxb2 Nd7 14. Rfe1 1/2-1/2

[Event "Lefkosia op"]
[Site "Cyprus"]
[Date "2009.07.16"]
[Round "5"]
[White "Martidis, Alkis"]
[Black "Georgiou, Andreas"]
[Result "1/2-1/2"]
[WhiteElo "2251"]
[BlackElo "1750"]
[PlyCount "63"]
[EventDate "2009.07.07"]
[EventType "swiss"]
[EventRounds "7"]
[EventCountry "CYP"]
[SourceTitle "EXT 2012"]
[Source "ChessBase"]
[SourceDate "2011.11.24"]
[SourceVersion "1"]
[SourceVersionDate "2011.11.24"]
[SourceQuality "1"]

1. e4 c6 2. d4 d5 3. exd5 cxd5 4. c4 Nf6 5. Nc3 e6 6. Nf3 Bb4 7. cxd5 Nxd5 8. Bd2 Nc6 9. Bd3 0-0 10. 0-0 Nf6 11. Bg5 Be7 12. Rc1 a6 13. Bb1 b5 14. Bxf6 Bxf6 15. Ne4 Bb7 16. Nxf6+ Qxf6 17. Rxc6 Bxc6 18. Qc2 g6 19. Qxc6 Rfc8 20. Qe4 Ra7 21. Qe3 Qe7 22. h4 h5 23. g3 Rac7 24. Ne5 Qb4 25. Nxg6 Qxb2 26. Ne7+ Rxe7 27. Qg5+ Kf8 28. Bh7 Rec7 29. Qh6+ Ke7 30. Qg5+ Kf8 31. Qh6+ Ke7 32. Qg5+ 1/2-1/2

[Event "CYP-ch"]
[Site "Limassol"]
[Date "2009.01.25"]
[Round "6"]
[White "Klerides, Paris"]
[Black "Martidis, Alkis"]
[Result "1/2-1/2"]
[WhiteElo "2197"]
[BlackElo "2259"]
[PlyCount "68"]
[EventDate "2009.01.10"]
[EventType "swiss"]
[EventRounds "13"]
[EventCountry "CYP"]
[SourceTitle "EXT 2011"]
[Source "ChessBase"]
[SourceDate "2010.11.26"]
[SourceVersion "1"]
[SourceVersionDate "2010.11.26"]
[SourceQuality "1"]
[WhiteTeam "Ukraine"]
[BlackTeam "England"]
[WhiteTeamCountry "UKR"]
[BlackTeamCountry "ENG"]

1. e4 c5 2. Nf3 e6 3. d4 cxd4 4. Nxd4 Nc6 5. Nc3 Qc7 6. g3 d6 7. Bg2 Bd7 8. Ndb5 Qb8 9. Bf4 Ne5 10. Qd4 a6 11. Nxd6+ Bxd6 12. 0-0-0 Nd3+ 13. Rxd3 Bxf4+ 14. gxf4 Qxf4+ 15. Kb1 Bc6 16. Qxg7 Qf6 17. Qg3 Ne7 18. Rhd1 Ng6 19. e5 Qxe5 20. Bxc6+ bxc6 21. Qf3 0-0 22. h4 Nxh4 23. Qh3 Nf5 24. Rh1 h6 25. Qg2+ Kh7 26. Rdh3 Rab8 27. Qxc6 Rfc8 28. Qe4 Qxe4 29. Nxe4 Rb5 30. Ng3 Kg7 31. Nxf5+ Rxf5 32. Rxh6 Rxf2 33. Rh7+ Kf6 34. Rc1 Ke5 1/2-1/2

[Event "NCC-chB"]
[Site "Cyprus"]
[Date "2007.12.15"]
[Round "7"]
[White "Martidis, Alkis"]
[Black "Paunescu, Valentin"]
[Result "1-0"]
[WhiteElo "2111"]
[BlackElo "1890"]
[PlyCount "77"]
[EventDate "2007.11.24"]
[EventType "swiss"]
[EventRounds "7"]
[EventCountry "CYP"]
[SourceTitle "EXT 2024"]
[Source "ChessBase"]
[SourceDate "2023.10.10"]
[SourceVersion "1"]
[SourceVersionDate "2023.10.10"]
[SourceQuality "1"]

1. e4 e6 2. d3 d5 3. Nd2 Nf6 4. Ngf3 c5 5. g3 Nc6 6. Bg2 Be7 7. 0-0 0-0 8. Re1 Rb8 9. e5 Nd7 10. Nf1 b5 11. h4 a5 12. N1h2 b4 13. h5 Ba6 14. h6 g6 15. Ng4 Qb6 16. Bg5 Qd8 17. Qd2 c4 18. dxc4 Bxc4 19. Bxe7 Qxe7 20. b3 Bb5 21. Rac1 Rfc8 22. c4 bxc3 23. Rxc3 Qb4 24. Qg5 Qxc3 25. Nf6+ Nxf6 26. Qxf6 Kf8 27. Re3 Qc1+ 28. Kh2 d4 29. Ng5 Nd8 30. Rf3 Rc7 31. Qg7+ Ke8 32. Qg8+ Kd7 33. Nxf7 Nc6 34. Qxh7 Ne7 35. Nd6 Qg5 36. Rf7 Rc2 37. Ne4 Qh5+ 38. Bh3 Re8 39. Nf6+ 1-0

[Event "CYP-ch 2000"]
[Site "Cyprus"]
[Date "2000.01.16"]
[Round "5"]
[White "Poluektov, Yury1111"]
[Black "Martidis, Alkis"]
[Result "1-0"]
[WhiteElo "2257"]
[BlackElo "2275"]
[PlyCount "49"]
[EventDate "1999.12.??"]
[EventType "swiss"]
[EventRounds "11"]
[EventCountry "CYP"]
[SourceTitle "EXT 2006"]
[Source "ChessBase"]
[SourceDate "2005.11.24"]
[SourceVersion "1"]
[SourceVersionDate "2005.11.24"]
[SourceQuality "1"]

1. e4 e5 2. Nc3 Bc5 3. Bc4 d6 4. d3 Nf6 5. Na4 Bb6 6. Nxb6 axb6 7. f4 exf4 8. Bxf4 d5 9. exd5 Nxd5 10. Qf3 Qe7+ 11. Ne2 Nxf4 12. Qxf4 0-0 13. 0-0 Nc6 14. Nc3 Be6 15. Rae1 Qc5+ 16. Kh1 Bxc4 17. dxc4 Nd8 18. Re5 Qc6 19. Nd5 Ne6 20. Qh4 Rfe8 21. Ne7+ Rxe7 22. Qxe7 Rf8 23. b3 h6 24. h4 b5 25. cxb5 1-0

[Event "CYP-chT"]
[Site "Cyprus"]
[Date "2000.??.??"]
[Round "?"]
[White "Schinis, Mario"]
[Black "Martidis, Alkis"]
[Result "1/2-1/2"]
[WhiteElo "2205"]
[BlackElo "2275"]
[PlyCount "89"]
[EventDate "2000.??.??"]
[EventType "team"]
[EventRounds "4"]
[EventCountry "CYP"]
[SourceTitle "EXT 2004"]
[Source "ChessBase"]
[SourceDate "2003.11.25"]
[SourceVersion "1"]
[SourceVersionDate "2003.11.25"]
[SourceQuality "1"]

1. d4 Nf6 2. Nf3 b6 3. Bf4 Bb7 4. e3 g6 5. Be2 Bg7 6. 0-0 d6 7. h3 0-0 8. Nbd2 c5 9. c3 a6 10. Bh2 cxd4 11. exd4 Nc6 12. a4 Rc8 13. Re1 Rc7 14. Nc4 Nd5 15. Qb3 Na5 16. Nxa5 bxa5 17. Bg3 Qa8 18. Bf1 Rb8 19. Qd1 Nf6 20. Nd2 Bc8 21. Nc4 Be6 22. Nxa5 Rxb2 23. c4 Ne4 24. d5 Bf5 25. Nc6 Rxc6 26. dxc6 Qxc6 27. Qd5 Qxd5 28. cxd5 Bd4 29. Kh2 Nxg3 30. fxg3 Rb3 31. Ra2 Be5 32. Rxe5 dxe5 33. Bxa6 Bb1 34. Re2 e4 35. g4 Bd3 36. Bxd3 exd3 37. Rd2 Kf8 38. Kg3 Ke8 39. Kf2 Ra3 40. Ke3 Kd7 41. Rxd3 Rxa4 42. Rb3 Kd6 43. Rb7 f6 44. Rb6+ Ke5 45. Rb7 1/2-1/2

[Event "CYP-ch"]
[Site "Cyprus"]
[Date "1999.??.??"]
[Round "?"]
[White "Martidis, Alkis"]
[Black "Alexandrou, Alexandros"]
[Result "1/2-1/2"]
[WhiteElo "2275"]
[BlackElo "2215"]
[PlyCount "95"]
[EventDate "1999.??.??"]
[EventType "swiss"]
[EventRounds "5"]
[EventCountry "CYP"]
[SourceTitle "EXT 2003"]
[Source "ChessBase"]
[SourceDate "2002.11.25"]
[SourceVersion "1"]
[SourceVersionDate "2002.11.25"]
[SourceQuality "1"]

1. Nf3 d5 2. c4 c6 3. b3 Nf6 4. Bb2 Bf5 5. g3 e6 6. Bg2 Be7 7. d3 Nbd7 8. Nbd2 h6 9. 0-0 0-0 10. Re1 Qb6 11. e4 dxe4 12. Nxe4 Rad8 13. Qc2 Nxe4 14. dxe4 Bg6 15. Qc3 Nf6 16. a3 Bc5 17. Re2 Bxf2+ 18. Rxf2 Qxf2+ 19. Kxf2 Nxe4+ 20. Ke2 Nxc3+ 21. Bxc3 Rd3 22. Rc1 f6 23. Ne1 Rd7 24. Bh3 Kf7 25. Ng2 Bd3+ 26. Ke3 g5 27. Bd4 b6 28. Ne1 Rfd8 29. Bc3 Bg6 30. c5 bxc5 31. Ba5 Rb8 32. b4 cxb4 33. axb4 Rb5 34. Nf3 h5 35. Bxe6+ Kxe6 36. Nd4+ Rxd4 37. Kxd4 Rd5+ 38. Ke3 Kd6 39. Bd8 Re5+ 40. Kd4 Rb5 41. Rf1 f5 42. Bxg5 Rxb4+ 43. Kc3 Rb5 44. Ra1 Rb7 45. Be3 Kd5 46. Rxa7 Rxa7 47. Bxa7 h4 48. gxh4 1/2-1/2

[Event "CYP-ch"]
[Site "Cyprus"]
[Date "1998.??.??"]
[Round "?"]
[White "Antoniou, Antonis"]
[Black "Martidis, Alkis"]
[Result "1-0"]
[WhiteElo "2240"]
[BlackElo "2310"]
[PlyCount "71"]
[EventDate "1998.??.??"]
[EventType "swiss"]
[EventRounds "19"]
[EventCountry "CYP"]
[SourceTitle "EXT 2003"]
[Source "ChessBase"]
[SourceDate "2002.11.25"]
[SourceVersion "1"]
[SourceVersionDate "2002.11.25"]
[SourceQuality "1"]

1. e4 c5 2. Nf3 e6 3. d4 cxd4 4. Nxd4 Nc6 5. Nc3 Qc7 6. g3 d6 7. Bg2 Bd7 8. 0-0 Nf6 9. h3 Be7 10. Ndb5 Qb8 11. Bf4 Ne5 12. a4 a6 13. Nd4 0-0 14. Qe2 Qc7 15. Rad1 Rab8 16. Bc1 Nc6 17. Nb3 Rfe8 18. Kh2 h6 19. f4 e5 20. f5 Na5 21. g4 Nxb3 22. cxb3 b5 23. g5 hxg5 24. Bxg5 Bc6 25. h4 bxa4 26. bxa4 Qb7 27. Rd2 Rbd8 28. Nd5 Nxd5 29. exd5 Bxa4 30. f6 gxf6 31. Qh5 Qb4 32. Rdf2 fxg5 33. Qxf7+ Kh8 34. Qh5+ Kg8 35. Qg6+ Kh8 36. Be4 1-0

[Event "Athens M/4"]
[Site "Athens"]
[Date "1994.??.??"]
[Round "?"]
[White "Martidis, Alkis"]
[Black "Cela, Altin"]
[Result "1-0"]
[WhiteElo "2360"]
[BlackElo "2275"]
[PlyCount "53"]
[EventDate "1994.??.??"]
[EventType "tourn"]
[EventRounds "9"]
[EventCountry "GRE"]
[EventCategory "3"]
[SourceTitle "EXT 2003"]
[Source "ChessBase"]
[SourceDate "2002.11.25"]
[SourceVersion "1"]
[SourceVersionDate "2002.11.25"]
[SourceQuality "1"]

1. e4 e5 2. Nf3 Nc6 3. Bc4 Nf6 4. d3 h6 5. 0-0 d6 6. Re1 g6 7. h3 Bg7 8. c3 0-0 9. d4 exd4 10. Nxd4 Nxd4 11. Qxd4 Re8 12. Nd2 Bf5 13. Re2 Nxe4 14. Qd5 Be6 15. Qxb7 d5 16. Nxe4 dxc4 17. Rd2 Qh4 18. Ng3 Be5 19. Re2 Bxg3 20. fxg3 Qxg3 21. Bxh6 Bxh3 22. Re3 Bxg2 23. Rxe8+ Rxe8 24. Qxg2 Qd3 25. Rf1 Re2 26. Qa8+ Kh7 27. Rxf7+ 1-0

[Event "Athens M/4"]
[Site "Athens"]
[Date "1994.??.??"]
[Round "?"]
[White "Martidis, Alkis"]
[Black "Frendzas, Panayotis"]
[Result "1/2-1/2"]
[WhiteElo "2360"]
[BlackElo "2360"]
[PlyCount "52"]
[EventDate "1994.??.??"]
[EventType "tourn"]
[EventRounds "9"]
[EventCountry "GRE"]
[EventCategory "3"]
[SourceTitle "EXT 2003"]
[Source "ChessBase"]
[SourceDate "2002.11.25"]
[SourceVersion "1"]
[SourceVersionDate "2002.11.25"]
[SourceQuality "1"]

1. e4 e5 2. Nf3 Nc6 3. Bc4 Nf6 4. d3 h6 5. 0-0 d6 6. h3 g6 7. Be3 Na5 8. Bb5+ c6 9. Ba4 b5 10. Bb3 Bg7 11. Qe1 Nxb3 12. axb3 c5 13. b4 cxb4 14. Rxa7 Rxa7 15. Bxa7 0-0 16. Be3 g5 17. Bd2 Nh5 18. Bxb4 f5 19. exf5 Rxf5 20. d4 Nf4 21. Kh2 h5 22. Nbd2 g4 23. Ng1 d5 24. g3 Nxh3 25. Nxh3 gxh3 26. Qe2 h4 1/2-1/2

[Event "Athens VAR"]
[Site "Athens"]
[Date "1994.??.??"]
[Round "?"]
[White "Martidis, Alkis"]
[Black "Nikolaidis, Ioannis"]
[Result "0-1"]
[WhiteElo "2360"]
[BlackElo "2425"]
[PlyCount "56"]
[EventDate "1994.??.??"]
[EventType "swiss"]
[EventRounds "7"]
[EventCountry "GRE"]
[SourceTitle "EXT 2003"]
[Source "ChessBase"]
[SourceDate "2002.11.25"]
[SourceVersion "1"]
[SourceVersionDate "2002.11.25"]
[SourceQuality "1"]

1. e4 e5 2. Nf3 Nc6 3. Bc4 Nf6 4. d3 Qe7 5. 0-0 Na5 6. Nc3 Nxc4 7. dxc4 d6 8. Qd3 c6 9. b3 Nd7 10. Ba3 Nc5 11. Qe3 Bg4 12. Ne1 Ne6 13. f3 Bh5 14. Rd1 Qc7 15. Rf2 Be7 16. Rfd2 Bg5 17. Qf2 Bxd2 18. Rxd2 Qa5 19. Na4 b5 20. Rxd6 bxa4 21. Rxe6+ fxe6 22. Qh4 c5 23. b4 cxb4 24. Qxh5+ g6 25. Qg4 Qb6+ 26. c5 Qxc5+ 27. Kh1 Qc4 28. Nd3 bxa3 0-1

[Event "Athens VAR"]
[Site "Athens"]
[Date "1994.??.??"]
[Round "?"]
[White "Martidis, Alkis"]
[Black "Tzermiadianos, Andreas"]
[Result "0-1"]
[WhiteElo "2360"]
[BlackElo "2350"]
[PlyCount "80"]
[EventDate "1994.??.??"]
[EventType "swiss"]
[EventRounds "7"]
[EventCountry "GRE"]
[SourceTitle "EXT 2003"]
[Source "ChessBase"]
[SourceDate "2002.11.25"]
[SourceVersion "1"]
[SourceVersionDate "2002.11.25"]
[SourceQuality "1"]

1. e4 c5 2. Nf3 Nc6 3. d4 cxd4 4. Nxd4 Nf6 5. Nc3 e5 6. Ndb5 d6 7. Nd5 Nxd5 8. exd5 Nb8 9. c4 a6 10. Nc3 Be7 11. Be2 0-0 12. 0-0 f5 13. f3 Nd7 14. Be3 Bg5 15. Bf2 Qf6 16. b4 Qh6 17. Qb3 Be3 18. Na4 Bxf2+ 19. Rxf2 b6 20. Rd1 Rb8 21. Qc3 Bb7 22. c5 bxc5 23. bxc5 Nxc5 24. Nxc5 Rfc8 25. Qb3 Ba8 26. Bxa6 Rxb3 27. Bxc8 Rc3 28. Be6+ Kf8 29. Nb3 g6 30. g3 Qe3 31. Kg2 Bb7 32. Na5 Ba6 33. Rdd2 e4 34. fxe4 Qxe4+ 35. Kh3 Qg4+ 36. Kg2 Qe4+ 37. Kh3 Bd3 38. Rf4 Qh1 39. Kh4 Kg7 40. Rb2 Kh6 0-1

[Event "Athens Akropolis op"]
[Site "Athens"]
[Date "1992.??.??"]
[Round "6"]
[White "Eglezos, Haralambos"]
[Black "Martidis, Alkis"]
[Result "0-1"]
[WhiteElo "2310"]
[BlackElo "2305"]
[PlyCount "102"]
[EventDate "1992.??.??"]
[EventType "swiss"]
[EventRounds "9"]
[EventCountry "GRE"]
[SourceTitle "TD"]
[Source "ChessBase"]
[SourceDate "1994.03.01"]
[SourceVersion "1"]
[SourceVersionDate "1994.03.01"]
[SourceQuality "1"]

1. f4 c5 2. Nf3 Nc6 3. d3 g6 4. g3 Bg7 5. Bg2 e6 6. e4 Nge7 7. 0-0 0-0 8. c3 b6 9. a4 Bb7 10. Na3 d6 11. Qe1 Qd7 12. g4 f5 13. Qh4 Na5 14. Be3 c4 15. gxf5 exf5 16. Nxc4 Nxc4 17. dxc4 fxe4 18. Nd4 Bxd4 19. Bxd4 Nf5 20. Bh3 e3 21. Bxf5 Rxf5 22. Bxe3 Rh5 23. Qg3 Rh3 24. Qg5 Rxe3 25. f5 Re2 26. Rf2 Rxf2 27. Kxf2 Qxf5+ 28. Qxf5 gxf5 29. a5 Kf7 30. b4 Be4 31. Ke3 Kf6 32. Kd4 h5 33. h4 Rg8 34. axb6 axb6 35. Ra6 Rb8 36. c5 dxc5+ 37. bxc5 Rd8+ 38. Ke3 Rd3+ 39. Kf2 Ke5 40. cxb6 Rxc3 41. Ra5+ Kf4 42. Rb5 Rc2+ 43. Ke1 Rc8 44. Kf2 Rb8 45. Rb2 Rb7 46. Rb3 Re7 47. Rg3 Bb7 48. Rg6 Bf3 49. Rd6 Re2+ 50. Kf1 Rb2 51. Ke1 Ke3 0-1